Indian mythology / (Record no. 1743)

MARC details
000 -LEADER
fixed length control field 01601cam a22004218i 4500
001 - CONTROL NUMBER
control field data
005 - DATE AND TIME OF LATEST TRANSACTION
control field 20260322212115.0
008 - FIXED-LENGTH DATA ELEMENTS--GENERAL INFORMATION
fixed length control field data
035 ## - SYSTEM CONTROL NUMBER
System control number 21295650
010 ## - LIBRARY OF CONGRESS CONTROL NUMBER
LC control number 2019051372
020 ## - INTERNATIONAL STANDARD BOOK NUMBER
International Standard Book Number 9781682828151
Qualifying information (library binding)
020 ## - INTERNATIONAL STANDARD BOOK NUMBER
Canceled/invalid ISBN 9781682828168
Qualifying information (ebook)
040 ## - CATALOGING SOURCE
Original cataloging agency DLC
Language of cataloging eng
Description conventions rda
Transcribing agency DLC
042 ## - AUTHENTICATION CODE
Authentication code pcc
043 ## - GEOGRAPHIC AREA CODE
Geographic area code a-ii---
050 00 - LIBRARY OF CONGRESS CALL NUMBER
Classification number BL2003
Item number .N38 2020
082 00 - DEWEY DECIMAL CLASSIFICATION NUMBER
Classification number 294.5/13
Edition information 23
100 1# - MAIN ENTRY--PERSONAL NAME
Personal name Nardo, Don,
Dates associated with a name 1947-
Relator term author.
245 10 - TITLE STATEMENT
Title Indian mythology /
Statement of responsibility, etc. Don Nardo.
263 ## - PROJECTED PUBLICATION DATE
Projected publication date 2002
264 #1 - PRODUCTION, PUBLICATION, DISTRIBUTION, MANUFACTURE, AND COPYRIGHT NOTICE
Place of production, publication, distribution, manufacture San Diego, CA :
Name of producer, publisher, distributor, manufacturer ReferencePoint Press,
Date of production, publication, distribution, manufacture, or copyright notice 2020.
300 ## - PHYSICAL DESCRIPTION
Extent pages cm.
336 ## - CONTENT TYPE
Content type term text
Content type code txt
Source rdacontent
337 ## - MEDIA TYPE
Media type term unmediated
Media type code n
Source rdamedia
338 ## - CARRIER TYPE
Carrier type term volume
Carrier type code nc
Source rdacarrier
490 0# - SERIES STATEMENT
Series statement World mythology
504 ## - BIBLIOGRAPHY, ETC. NOTE
Bibliography, etc. note Includes bibliographical references and index.
520 ## - SUMMARY, ETC.
Summary, etc. "The age-old theme of good triumphing over evil is common in Hindu mythology. Large numbers of Hindu myths describe fights between the devas and asuras. Such battles are in a sense built into Hinduism and its mythology,"--
Assigning source Provided by publisher.
521 ## - TARGET AUDIENCE NOTE
Target audience note Grades 10-12
Source ReferencePoint Press
650 #0 - SUBJECT ADDED ENTRY--TOPICAL TERM
Topical term or geographic name entry element Mythology, Indic.
650 #0 - SUBJECT ADDED ENTRY--TOPICAL TERM
Topical term or geographic name entry element Hindu mythology.
650 #1 - SUBJECT ADDED ENTRY--TOPICAL TERM
Topical term or geographic name entry element Indic mythology.
650 #1 - SUBJECT ADDED ENTRY--TOPICAL TERM
Topical term or geographic name entry element Hindu mythology.
776 08 - ADDITIONAL PHYSICAL FORM ENTRY
Relationship information Online version:
Main entry heading Nardo, Don, 1947-
Title Indian mythology
Place, publisher, and date of publication San Diego, CA : ReferencePoint Press, 2020.
International Standard Book Number 9781682828168
Record control number (DLC) 2019051373
906 ## - LOCAL DATA ELEMENT F, LDF (RLIN)
a 7
b cbc
c orignew
d 1
e ecip
f 20
g y-gencatlg
925 0# -
-- acquire
-- 1 shelf copy
-- policy default
955 ## - COPY-LEVEL INFORMATION (RLIN)
-- xm07 2019-11-08
Holdings
Withdrawn status Lost status Damaged status Not for loan Home library Current library Shelving location Date acquired Total checkouts Full call number Barcode Date last seen Price effective from Koha item type
        Fairview Fairview General stacks 22/03/2026   294.5/13 LOC-FPL-00028 22/03/2026 22/03/2026 Books